Código Tributario: anotaciones y concordancias, índice temático, títulos de artículos del cuerpo del código y de las normas del apéndice

محفوظ في:
التفاصيل البيبلوغرافية
مؤلف مشترك: Chile
مؤلفون آخرون: Aste Mejías, Christian Nicolás
التنسيق: كتاب
اللغة:الإسبانية
منشور في: Santiago, Chile; Legal Publishing; Thomson Reuters, 2016
الطبعة:Decimosexta Edición.
سلاسل:Colección de Códigos 2016
الموضوعات:
الوسوم: إضافة وسم
لا توجد وسوم, كن أول من يضع وسما على هذه التسجيلة!

MARC

LEADER 00000cam a2200000 a 4500
001 UCD3998
003 CL-VaPUC
005 20241125142941.0
008 160623e20160000cl |||||||||||||||||spa|d
999 |c 364971  |d 364969 
020 |a 9789563467468 
040 |c Pontificia Universidad Católica de Valparaíso 
082 0 4 |a 343.8304 CHI 2016  |2 21 
110 1 |a Chile  |9 890760 
245 1 0 |a Código Tributario: anotaciones y concordancias, índice temático, títulos de artículos del cuerpo del código y de las normas del apéndice 
250 |a Decimosexta Edición.  |b Actualizada al 8 de febrero de 2016. 
260 |a Santiago, Chile;  |b Legal Publishing;  |b Thomson Reuters,  |c 2016 
300 |a 819 páginas 
490 0 |a Colección de Códigos 2016 
505 |a -Decreto Ley N.º 830. -Título Preliminar. -Libro I. De la Administración, Fiscalización y Pago. -Libro II. De los Apremios y de las Infracciones y Sanciones. -Libro III. De la Competencia para conocer de los Asuntos Contenciosos Tributarios, de los Procedimientos y de la Prescripción. Apéndice: -Decreto Ley N.º 824. Aprueba texto que indica de la Ley sobre Impuesto a la Renta. (D.O. de 31 de diciembre de 1974). -Decreto Ley N.º 825. Impuestos a las Ventas y Servicios. (D.O. de 3 de diciembre de 1976). -Decreto Supremo N.º 55. Reglamento de la Ley sobre Impuesto a las Ventas y Servicios. (D.O. de 2 de febrero de 1977). -Decreto Ley N.º 3.475. Modifica la Ley de Timbres y Estampillas contenida en el Decreto Ley N.º 619, de 1974. (D.O. de 4 de septiembre de 1980). -Decreto con Fuerza de Ley N.º 7. Fija texto de la Ley Orgánica del Servicio de Impuestos Internos y adecua disposiciones legales que señala (D.O. de 15 de octubre de 1980) -Ley N.º 20.322. Ley Orgánica de Tribunales Tributarios y Aduaneros. (D.O. de 27 de enero de 2009). -Ley N.º 18.320. Establece normas que incentivan el cumplimiento tributario. (D.O de 17 de julio de 1984). -Ley N.º 20.780. Reforma tributaria que modifica el sistema de tributación de la renta e introduce diversos ajustes en el sistema tributario (D.O. de 29 de septiembre de 2014). 
583 |a last modification  |c 20180316 04:01:59  |k Rodrigo Vera 
650 1 |a Derecho tributario chileno  |9 485061 
650 1 |a Código tributario   |9 350428 
650 1 |a Impuestos tributarios  |9 501175 
650 1 |a Jurisprudencia tributaria   |9 369427 
700 |a Aste Mejías, Christian Nicolás  |9 859431 
942 |c BK  |2 ddc 
945 |d 20160623 20:48:00  |a dcastane 
952 |0 0  |1 0  |3 erb  |4 0  |6 343_830400000000000_CHI_2016  |7 0  |8 R  |9 478614  |a BIBGIM  |b BIBGIM  |i 5294517  |l 1  |o 343.8304 CHI 2016  |p 5294517  |r 2025-01-15  |s 2024-03-28  |w 2019-11-24  |y BK_R  |z Catalogado en:20160623  |k COM 
952 |0 0  |1 0  |3 erb  |4 0  |6 343_830400000000000_CHI_2016  |7 0  |8 R  |9 478615  |a BIBGIM  |b BIBGIM  |i 5294509  |o 343.8304 CHI 2016  |p 5294509  |r 2025-01-15  |w 2019-11-24  |y BK_R  |z Catalogado en:20160623  |k COM 
952 |0 0  |1 0  |3 erb  |4 0  |6 343_830400000000000_CHI_2016  |7 0  |8 R  |9 478616  |a BIBDER  |b BIBDER  |i 5298776  |o 343.8304 CHI 2016  |p 5298776  |r 2023-01-25  |w 2019-11-24  |y BK_R  |z Catalogado en:20160722  |k DER